| 000 | 00797nam a22002297a 4500 | ||
|---|---|---|---|
| 003 | OSt | ||
| 005 | 20251121150852.0 | ||
| 008 | 251121b |||||||| |||| 00| 0 eng d | ||
| 020 | _a0-495-17209-X. | ||
| 040 |
_aDWCL-Main lib. _cOC |
||
| 082 |
_23rd ed. _aCirc. 150.72 P383c 2007 |
||
| 100 | _aPelham, Brett W. | ||
| 245 |
_aConducting research in psychology : _bmeasuring the weight of smoke/ _cBrett W. Pelham |
||
| 250 | _a3rd ed. | ||
| 260 |
_aBelmont, CA : _bThomson Higher Education, _c c2007. |
||
| 300 |
_axviii, 430p : _b ill. _c ; 23 cm. |
||
| 504 | _aIncludes bibliographical references and index. | ||
| 650 | _a1. Psychology -- Research -- Methodology, | ||
| 650 | _a2. Psychology, Experimental | ||
| 700 | _aBlanton, Hart | ||
| 942 |
_2ddc _cBK-CIRC _e3rd ed. _hCirc. _n0 |
||
| 999 |
_c6019 _d6019 |
||